• 首页
  • 本馆介绍
  • 公告通知
  • 最新文献
  • 馆藏检索
  • 电子资源
  • 读者导购
  • 参考咨询
  • 我的图书馆
  • 登录
  • 详细信息显示
  • 放入我的书架
  • 预约/预借图书
  • 作者相关作品
  • 分类相关作品
  • 丛书相关作品
  • 出版社相关作品

书目信息

  • 表格格式
  • 工作单格式
  • 卡片格式
题名:
物流企业规范化表格与管理工具全书
    
 
作者: ;中国物流行业岗位规范指导丛书编委会 编著
分册:  
出版信息: 北京   中国海关出版社  2008
页数: 14,439页
开本: 29cm
丛书名: 中国物流行业岗位规范指导丛书
单 册:
中图分类: F259.21
科图分类:
主题词: 物流--物资管理--表格--编制--中国 , 物流 , 物资管理
电子资源:
ISBN: 978-7-80165-507-3
000 01123oam2 2200277 45
001 1033052421
005 20100408160401.84
010    @a978-7-80165-507-3@dCNY100.00
100    @a20100401d2008 em y0chiy50 ea
101 0  @achi
102    @aCN@b110000
105    @ak z 000yy
106    @ar
200 1  @a物流企业规范化表格与管理工具全书@AWu Liu Qi Ye Gui Fan Hua Biao Ge Yu Guan Li Gong Ju Quan Shu@f中国物流行业岗位规范指导丛书编委会编著@FZhong Guo Wu Liu Hang Ye Gang Wei Gui Fan Zhi Dao Cong Shu Bian Wei Hui Bian Zhu
210    @a北京@c中国海关出版社@d2008
215    @a14,439页@c表格@d29cm
225 2  @a中国物流行业岗位规范指导丛书
330    @a本书共分10章,内容包括:仓管部表格、经管办表格、财务部表格、人力资源部表格、市场部表格等。
461  0 @12001 @a中国物流行业岗位规范指导丛书
606 0  @a物流@x物资管理@x表格@x编制@y中国
606 0  @a物流
606 0  @a物资管理
690    @aF259.21@v4
711 02 @a中国物流行业岗位规范指导丛书编委会@AZhong Guo Wu Liu Xing Ye Gang Wei Gui Fan Zhi Dao Cong Shu Bian Wei Hui@4编著
801  0 @aCN@bTANGWEI@c20100408
905    @b0587874-76@dF259.21@e164@f3
    
    物流企业规范化表格与管理工具全书/中国物流行业岗位规范指导丛书编委会编著.-北京:中国海关出版社,2008
    14,439页:表格;29cm.-(中国物流行业岗位规范指导丛书)
    
    
    ISBN 978-7-80165-507-3:CNY100.00
    本书共分10章,内容包括:仓管部表格、经管办表格、财务部表格、人力资源部表格、市场部表格等。
●
相关链接 在E读中查询图书 在五车中查询图书 在当当中查询图书 在豆瓣中查询图书


正题名:物流企业规范化表格与管理工具全书     索取号:F259.21/164         预约/预借

序号 登录号 条形码 馆藏地/架位号 状态 备注
1 0587874   205878745   第一样本阅览室/ [索取号:F259.21/164] 在馆    
2 0587875   205878754   第一借阅区/ [索取号:F259.21/164] 在馆    
3 0587876   205878763   第一借阅区/ [索取号:F259.21/164] 在馆    
唐山师范学院图书馆 欢迎您!
大连网信软件有限公司© 版权所有